000 00434pam a2200157 a 4500
020 _c
041 _h
082 _a658.403 801 1
_bKAN
100 _aKanter, Jerome.
245 _aManaging with Information /
_cNULL.
_hTextual Documents
250 _a4th ed /
_b.
260 _aNew Delhi :
_bPrentice Hall of India Private Limited ,
_c2000.
300 _a878 ;
_c24*18.
653 _aManagement Information System
930 _a196
999 _c119699
_d119699